Jaké může mýt hackerský útok následky a jak se chránit

Kybernetické hrozby už nespočívajú len v napadnutí počítača - hackeri stále častejšie útočia na telefóny, inteligentné hodinky, kávovary, kamery a iné zariadenia internetu vecí, či na osobné a firemné dáta. Ktoré sú najčastejšie hrozby pre firmy a jednotlivcov. Päť zásad bezpečného internetu.

Salvato in:
Dettagli Bibliografici
Autore principale: Chytrý, Filip
Natura: Capitolo di libro
Lingua:ceco
Soggetti:
Tags: Aggiungi Tag
Nessun Tag, puoi essere il primo ad aggiungerne!!

MARC

LEADER 00000nla a2200000 4500
001 0241756
005 20240417075134.5
041 0 |a cze 
044 |a CZ 
245 1 0 |a Jaké může mýt hackerský útok následky a jak se chránit  |c Filip Chytrý 
520 |a Kybernetické hrozby už nespočívajú len v napadnutí počítača - hackeri stále častejšie útočia na telefóny, inteligentné hodinky, kávovary, kamery a iné zariadenia internetu vecí, či na osobné a firemné dáta. Ktoré sú najčastejšie hrozby pre firmy a jednotlivcov. Päť zásad bezpečného internetu. 
610 2 0 |a útoky kybernetické 
610 2 0 |a bezpečnosť kybernetická 
610 2 0 |a dáta 
610 2 0 |a ochrana dát 
610 2 0 |a internet 
100 1 |a Chytrý, Filip